Statistics for Sports General Knowledge

Click here to take the quiz!

General Stats

  • This quiz has been taken 1,493 times
  • The average score is 6 of 15

Answer Stats

HintAnswer% Correct
Which sport is represented in the Ralph Lauren logo?Polo
87%
How many rings are there on an archery target?10
74%
What score is given in darts for the outer bull?25
71%
The Adidas Jabulani soccer ball caused controversy at a FIFA world cup hosted by which nation?South Africa
51%
Which sport is the film grid iron gang based upon?American football
50%
What name is given to an indoor track cycling arena?Velodrome
43%
Who fought Muhammad Ali in the 'rumble in the jungle'?George Foreman
41%
What is the name given to the swimming race which incorporates four swimming strokes?Medley
39%
What is the maximum break in snooker?147
33%
What is the name given to a coastal golf course?Links
32%
Who did Conor McGregor beat to become featherweight Wold champion at UFC 194?Jose Aldo
27%
Which sport is famously held annually on Cooper's Hill near Gloucester, England?Cheese rolling
22%
Which field position in cricket is opposite point?Square leg
22%
In which Scottish town, famous for a massacre, did Andy murray attend school?Dunblane
16%
Which MCC is the former governing body based at Lords cricket ground?Marylebone Cricket Club
8%

Score Distribution

Percentile by Number Answered

Percent of People with Each Score

Your Score History

You have not taken this quiz